000
00255nam a2200097Ia 4500
005
20250424120321.0
008
250424s9999 xx 000 0 und d
050
_a
Review: semi annual journal on business and the economy
260
_a
First Bank
650
_a
SR
999
_c
38629
_d
38629